Top 100 NBA Players (2024-2025) - Statistics

General Stats
  • This quiz has been taken 736 times
    735 since last reset
  • The average score is 68 of 100
Answer Stats
# Team Answer % Correct
6 Lakers LeBron James
99%
4 Warriors Stephen Curry
99%
2 Mavericks Luka Doncic
98%
3 Nuggets Nikola Jokic
98%
9 Celtics Jayson Tatum
97%
5 76ers Joel Embiid
97%
14 Lakers Anthony Davis
96%
15 Spurs Victor Wembanyama
96%
11 Timberwolves Anthony Edwards
95%
12 Suns Devin Booker
95%
1 Bucks Giannis Antetokounmpo
94%
7 Thunder Shai Gilgeous-Alexander
94%
18 Grizzlies Ja Morant
93%
20 Celtics Jaylen Brown
93%
8 Suns Kevin Durant
93%
10 Knicks Jalen Brunson
92%
92 Pistons Jalen Duren
92%
27 Clippers James Harden
92%
13 Clippers Kawhi Leonard
92%
21 Hawks Trae Young
92%
23 Bucks Damian Lillard
91%
17 Cavaliers Donovan Mitchell
91%
19 Mavericks Kyrie Irving
91%
16 Pacers Tyrese Haliburton
91%
29 Heat Jimmy Butler
90%
24 76ers Paul George
89%
39 Timberwolves Rudy Gobert
89%
35 Kings Domantas Sabonis
88%
32 Hornets Lamelo Ball
88%
22 76ers Tyrese Maxey
88%
31 Kings De'Aaron Fox
87%
33 Timberwolves Karl-Anthony Towns
87%
25 Heat Bam Adebayo
86%
52 Thunder Jalen Williams
86%
30 Pelicans Zion Williamson
86%
26 Magic Paolo Banchero
84%
68 Pelicans Dejounte Murray
82%
51 Nuggets Jamal Murray
82%
87 Kings Keegan Murray
82%
59 Rockets Jalen green
81%
34 Kings DeMar Derozan
80%
44 Bulls Zach Lavine
79%
61 Bulls Coby White
78%
49 Celtics Derrick White
78%
36 Thunder Chet Holmgren
77%
38 Pacers Pascal Siakam
77%
45 Pistons Cade Cunningham
76%
37 Jazz Lauri Markkanen
76%
28 Rockets Alperen Sengun
75%
41 Pelicans Brandon Ingram
74%
48 Knicks Julius Randle
74%
46 Magic Franz Wagner
73%
47 Grizzlies Jaren Jackson Jr
72%
56 Celtics Jrue Holiday
70%
40 Raptors Scottie Barnes
70%
60 Celtics Kristaps Porzingis
69%
64 Heat Tyler Herro
67%
43 Grizzlies Desmond Bane
65%
76 Knicks Josh Hart
65%
73 Cavaliers Darius Garland
64%
50 Knicks Mikal Bridges
62%
67 Cavaliers Evan Mobley
61%
79 Suns Bradley Beal
60%
42 Knicks OG Anunoby
58%
63 Wizards Kyle Kuzma
57%
72 Suns Grayson Allen
55%
78 Bucks Khris Middleton
54%
98 Lakers Austin Reaves
53%
65 Timberwolves Jaden McDaniels
51%
89 Nuggets Aaron Gordon
50%
58 Trail Blazers Anfernee Simons
50%
84 Pacers Miles Turner
50%
94 Nuggets Russell Westbrook
49%
96 Nuggets Michael Porter Jr
47%
62 Raptors RJ Barrett
47%
75 Pelicans CJ Mccollum
45%
55 Kings Malik Monk
44%
53 Timberwolves Naz Reid
43%
90 Thunder Lugentz Dort
42%
69 Rockets Dillon Brooks
41%
57 Thunder Isaiah Hartenstein
41%
54 Warriors Jonathan Kuminga
41%
86 Lakers D'Angelo Russell
40%
88 Mavericks Dereck Lively II
40%
83 Magic Jalen Suggs
40%
91 Bulls Josh Giddey
40%
99 Mavericks Daniel Gafford
39%
74 Spurs Devin Vassell
38%
66 Mavericks PJ Washington
38%
97 Nets Cameron Thomas
37%
93 Knicks Mitchell Robinson
37%
77 Grizzlies Marcus Smart
35%
95 Lakers Rui Hachimura
34%
80 Raptors Immanuel Quickley
29%
100 76ers Kelly Oubre Jr
24%
82 Timberwolves Nickeil Alexander-Walker
23%
85 Trail Blazers Shae'Don Sharpe
23%
81 Pacers Andrew Nembhard
22%
70 Hawks Bogdan Bogdanovic
21%
71 Magic Jonathan Isaac
10%
No matching quizzes found
Score Distribution
Percent of People with Each Score
Percentile by Number Answered
Your Score History
You have not taken this quiz since the last reset